Statystyki dla Państwa najbliższe Warszawie

Kliknij tutaj aby rozwiązać quiz!

Ogólne statystyki

  • Ten quiz został rozwiązany 278 razy
  • Średni wynik to 14 z 15

Statystyki odpowiedzi

kmPaństwo% Poprawnych
148Białoruś
99%
233Rosja
99%
196Ukraina
99%
308Czechy
98%
310Słowacja
98%
254Litwa
97%
428Niemcy
97%
473Łotwa
94%
0Polska
93%
406Węgry
93%
495Austria
92%
498Dania
89%
542Szwecja
88%
481Rumunia
84%
587Mołdawia
81%

Rozkład punktacji

Percentyl według liczby udzielonych odpowiedzi

Procent ludzi z każdym wynikiem

Twoja historia wyników

Nie rozwiązałeś tego quizu